01873nam a2200469 i 450000100060000000300080000600500170001400600190003100700150005000800410006502000180010603500230012403500240014703500250017103500210019604000310021705000250024808000070027308200160028010000350029624502130033126400400054430000400058433600310062433700330065533800430068850000230073150400290075458801270078359001590091065000280106965000280109765000240112565000270114965500270117670000370120370000310124070000340127179700190130585600620132499900170138641451FlNmELB20241216221948.0m o d | cr cnu||||||||151003s2006 ag ob 001 0 spa d z9781413563757 a(MiAaPQ)EBC3167482 a(Au-PeEL)EBL3167482 a(CaPaEBR)ebr10117196 a(OCoLC)949149614 aFINmELBbspaerdacFINmELB 4aLB2822.75bF954 2006 a370 a379.1582231 aFuente Flores, Franklin de la.13aLa evaluación :buna aproximación a su estudio e interrelación en el contexto pedagógico /cMiguel Sosa Flores ; Franklin de la Fuente Flores, Flor Angel Hernández Pérez, Irvin Brizuela Sánchez. 1a[Santa Fe] :bEl Cid Editor,c2006. a1 recurso en línea (19 páginas) atextobtxt2rdacontent/spa acomputadorabc2rdamedia/spa arecurso en líneabcr2rdacarrier/spa aContiene índice. aContiene bibliografía. aDescripción basada en recurso en línea; Título de la página del título en PDF (e-libro, visto October 03, 2015). aRecurso electronico. Santa Fe, Arg. : e-libro, 2014. Disponible via World Wide Web. El acceso puede ser limitado para las bibliotecas afiliadas a e-libro. 0aEducational evaluation. 4aEvaluación educativa. 0aEducationxFinance. 4aEducaciónxFinanzas. 4aLibros electrónicos.1 aHernández Pérez, Flor Angel.1 aBrizuela Sánchez, Irvin.1 aSosa Flores, Miguel,eeditor.2 ae-libro, Corp.40uhttps://elibro.net/ereader/politecnicointernacional/32022 c41451d41451